000 00710nam a2200193 i 4500
001 173068
003 ES-MaACL
005 20230906215126.0
008 091026s1956 fr |||| | fre d
080 _a782.6
100 1 _aVarna, Henri.
_9141480
245 1 4 _aLes Amants de Venise
_b: opérette à grand spectacle en 2 actes et 17 tableaux /
_clivret de Henri Varna, Marc-Cab et René Richard...; musique de Vincent Scotto.
260 _aParis :
_bJoubert,
_c1956.
300 _a167 p. ;
_c16 cm.
650 4 _aOperetas-
_vLibretos.
_9139352
700 1 _aScotto, Vincent.
_9139656
700 1 _aRichard, René.
_9141481
852 4 _aES-MaACL
_jE-13041
_9R.190363 . -
_zBiblioteca Jacinto Martínez Lacalle
999 _c173068
_d173068